Mechanical behavior of engineering materials (Record no. 22120)

000 -LEADER
fixed length control field 00506nam a22001931 4500
001 - CONTROL NUMBER
control field 22120
003 - CONTROL NUMBER IDENTIFIER
control field BD-DhUET
008 - FIXED-LENGTH DATA ELEMENTS--GENERAL INFORMATION
fixed length control field 800331s1962 paua b s000 0 eng
040 ## - CATALOGING SOURCE
Original cataloging agency DLC
Transcribing agency TxCM
Modifying agency BD-DhUET
082 ## - DEWEY DECIMAL CLASSIFICATION NUMBER
Classification number 620.1
Item number MAR/1963
100 ## - MAIN ENTRY--PERSONAL NAME
Personal name Marin, Joseph
245 10 - TITLE STATEMENT
Title Mechanical behavior of engineering materials
250 ## - EDITION STATEMENT
Edition statement 1st ed.
260 ## - PUBLICATION, DISTRIBUTION, ETC. (IMPRINT)
Place of publication, distribution, etc. New Jersey
Name of publisher, distributor, etc. Prentice-Hall
Date of publication, distribution, etc. 1963
300 ## - PHYSICAL DESCRIPTION
Extent x, 502 p.
Other physical details ill.
504 ## - BIBLIOGRAPHY, ETC. NOTE
Bibliography, etc Includes bibliographies
650 #0 - SUBJECT ADDED ENTRY--TOPICAL TERM
Topical term or geographic name as entry element Applied mechanics
942 ## - ADDED ENTRY ELEMENTS (KOHA)
Koha item type General Book
Holdings
Koha date last seen Piece designation (barcode) Withdrawn status Koha item type Koha normalized classification for sorting Damaged status Koha issues (times borrowed) Price effective from Source of classification or shelving scheme Date acquired Copy number Location (home branch) Sublocation or collection (holding branch) Shelving location Koha full call number Koha date last borrowed Not for loan Lost status Koha out on loan
2015-04-2321007 General Book620_100000000000000_MAR_1963  2015-04-23 2015-04-231Central Library, BUETCentral Library, BUETCirculation section620.1/MAR/1963    
2022-07-031571 General Book620_100000000000000_MAR_1963 12015-04-23 2015-04-232Central Library, BUETCentral Library, BUETCirculation section620.1/MAR/19632022-07-03  2023-07-03
2015-04-251570 General Book620_100000000000000_MAR_1963  2015-04-25 2015-04-253Central Library, BUETCentral Library, BUETCirculation section620.1/MAR/1963    
2015-04-3025732 General Book620_100000000000000_MAR_1963  2015-04-30 2015-04-304Central Library, BUETCentral Library, BUETCirculation section620.1/MAR/1963    
2015-08-2317659 General Book620_100000000000000_MAR_1963  2015-08-23 2015-08-235Central Library, BUETCentral Library, BUETCirculation section620.1/MAR/1963